Influence of sizes of polybags on development of Hevea planting material (Record no. 45797)

MARC details
000 -LEADER
fixed length control field 00505nam a2200181Ia 4500
100 ## - MAIN ENTRY--AUTHOR NAME
Personal name Pereira Ailton Vitor
245 #0 - TITLE STATEMENT
Title Influence of sizes of polybags on development of Hevea planting material
260 ## - PUBLICATION, DISTRIBUTION, ETC. (IMPRINT)
Name of publisher Pesquisa Agropecuaria Brasileira
Year of publication 1986
300 ## - PHYSICAL DESCRIPTION
Number of Pages 945-948
650 ## - SUBJECT ADDED ENTRY--TOPICAL TERM
Topical Term Budded stump
650 ## - SUBJECT ADDED ENTRY--TOPICAL TERM
Topical Term Containers
650 ## - SUBJECT ADDED ENTRY--TOPICAL TERM
Topical Term Economics
650 ## - SUBJECT ADDED ENTRY--TOPICAL TERM
Topical Term Plant growth
650 ## - SUBJECT ADDED ENTRY--TOPICAL TERM
Topical Term Propagation
700 ## - ADDED ENTRY--PERSONAL NAME
Personal name Pereira Elainy BC
942 ## - ADDED ENTRY ELEMENTS (KOHA)
Koha item type Reprints
Holdings
Withdrawn status Lost status Damaged status Not for loan Home library Current library Date acquired Serial Enumeration / chronology Koha item type
      Reprints RRII Library RRII Library 22/12/2021 Volume 21, Issue 9 Reprints